| 000 | 01428cam a2200385 i 4500 | ||
|---|---|---|---|
| 001 | 768714001 | ||
| 003 | CO-MdFUSB | ||
| 005 | 20240716090320.0 | ||
| 007 | ta | ||
| 008 | 770901t1983 gw b 001 0 ger | ||
| 010 | _a 77477888 | ||
| 020 | _a3459010983 | ||
| 040 |
_aDLC _cCO-MdFUSB _dDLC _dCO-MdFUSB _bspa _erda |
||
| 041 | _aeng | ||
| 082 |
_223 _a230.041 _bG389 |
||
| 100 | 1 |
_aGese, Hartmut. _eautor |
|
| 245 | 1 | 0 |
_aZur biblischen Theologie : _balttestamentl vorträge / _cHartmut Gese. |
| 264 | 1 |
_aMünchen : _bKaiser, _c[1983] |
|
| 264 | 4 | _c© 1983 | |
| 300 |
_a239 páginas ; _c23 cm. |
||
| 336 |
_2rdacontent _atexto _btxt |
||
| 337 |
_2rdamedia _asin mediación _bn |
||
| 338 |
_2rdacarrier _avolumen _bnc |
||
| 490 | 1 | _aBeiträge zur evangelischen Theologie : theologische Abhandlungen ; | |
| 504 | _aIncluye referencias bibliográficas | ||
| 505 | _aComprensión bíblica de las Escrituras. -- La muerte en el Antiguo Testamento. -- La Ley. -- La Expiación. -- El origen de la Cena del Señor. -- El Mesías. -- El prólogo de Juan. La cuestión de la cosmovisión. --Índice de nombres y materias. -- Índice de pasajes de la Biblia. | ||
| 563 | _aRústico | ||
| 650 | 7 |
_9320 _aTeología bíblica |
|
| 830 | 0 |
_abeiträge zur evangelischen Theologie ; _vBd. 78. |
|
| 942 | _cBK | ||
| 945 | _aJTF-925 | ||
| 999 |
_c65740 _d65740 |
||